Význam účtovníctva pri stanovení solventnosti poisťovne diplomová práca

Na minha lista:
Detalhes bibliográficos
Autor principal: Pochylá, Martina
Autor Corporativo: Fakulta hospodárskej informatiky EU. Katedra účtovníctva a audítorstva
Outros Autores: Juhászová, Zuzana, 1970-
Formato: Livro
Idioma:eslovaco
Publicado em: Bratislava 2012
Tags: Adicionar Tag
Sem tags, seja o primeiro a adicionar uma tag!

MARC

LEADER 00000nbm a2200000 4500
001 0154725
005 20161109102140.4
041 0 |a slo 
044 |a SK 
245 1 0 |a Význam účtovníctva pri stanovení solventnosti poisťovne  |b diplomová práca  |c Martina Pochylá ; školiteľ: Zuzana Juhászová 
264 1 |a Bratislava  |c 2012 
300 |a 65 s. 
100 1 |a Pochylá, Martina 
700 1 |a Juhászová, Zuzana, 1970- 
710 2 |a Fakulta hospodárskej informatiky EU. Katedra účtovníctva a audítorstva